000 00983nam a2200313 i 4500
003 EG-GICUC
005 20260121101419.0
008 251203s1983 enk||||fr|||| 001 0 eng d
020 _a0713163976
040 _aEG-GiCUC
_beng
_cEG-GiCUC
_dEG-GiCUC
_erda
041 0 _aeng
082 0 4 _221
_a343.11223
_bPR
092 0 4 _221
099 _aLaw1 10 343.11223 PR 1983
245 1 0 _aProviding Criminal Justice For Children /
_cEdited By Allison Morris, Henri Giller.
264 1 _aLondon :
_bEdward Arnold,
_c1983.
300 _a164 pages ;
_billustrations,
_c24 cm.
336 _2rda content
_atext
337 _2rda media
_aComputer
338 _2rda carrier
_aOnline Resource
504 _aIncludes bibliographical references.
546 _aText in English
650 1 4 _aCriminal law
700 1 _aMorris, Allison
700 1 _aGiller, Henri
_eeditor.
856 4 0 _uhttps://fll.law.cu.edu.eg/fulltext/bks/B10-00854.pdf
905 _a33
_eHassnaa
942 _2ddc
_cBK
_e21
_n0
999 _c48088
_d48088